[Event "Mittelfranken-chTB2b 1112"]
[Site "Germany"]
[Date "2012.02.05"]
[Round "6.7"]
[White "Wiedemann, Thomas"]
[Black "Schwab, Edgar"]
[Result "0-1"]
[WhiteElo "1576"]
[BlackElo "1807"]
[PlyCount "94"]
[EventDate "2011.09.25"]
[EventType "team-tourn"]
[EventRounds "9"]
[EventCountry "GER"]
[SourceTitle "EXT 2013"]
[Source "ChessBase"]
[SourceDate "2012.11.22"]
[SourceVersion "1"]
[SourceVersionDate "2012.11.22"]
[SourceQuality "1"]
[WhiteTeam "Lauf II"]
[BlackTeam "Forchheim III"]
[WhiteTeamCountry "GER"]
[BlackTeamCountry "GER"]

1. d4 d5 2. c4 c6 3. Nf3 Nf6 4. Bg5 e6 5. cxd5 exd5 6. e3 Qa5+ 7. Nfd2 Ne4 8. Bh4 Bb4 9. Bd3 Bf5 10. Bxe4 Bxe4 11. 0-0 Bd3 12. Qg4 0-0 13. Nb3 Qc7 14. Bf6 g6 15. Qg5 Nd7 16. Rc1 Nxf6 17. Qxf6 Be7 18. Qf3 Bd6 19. h3 Be4 20. Qe2 Rae8 21. N1d2 Bf5 22. Nf1 Bc8 23. Nc5 f5 24. Qd3 f4 25. e4 Bxc5 26. Rxc5 Rxe4 27. f3 Re6 28. Rac1 Qe7 29. R5c2 Re8 30. Qd2 Qf6 31. Qf2 R8e7 32. b4 a6 33. a4 Bd7 34. Nh2 h5 35. Nf1 Qf8 36. Qd2 g5 37. Qd3 Qe8 38. Qb3 Re2 39. Rxe2 Rxe2 40. b5 axb5 41. axb5 Qe6 42. bxc6 Bxc6 43. Ra1 g4 44. Qd3 g3 45. Ra8+ Kg7 46. Ra7 Re1 47. Qd2 Qe3+ 0-1